Japan echo (رقم التسجيلة. 130594)

تفاصيل مارك
000 -LEADER
fixed length control field 01394cas a2200385 4500
008 - FIXED-LENGTH DATA ELEMENTS--GENERAL INFORMATION
fixed length control field 751230d19742010ja br p 0 0eng
010 ## - LIBRARY OF CONGRESS CONTROL NUMBER
LC control number 75644034
022 0# - INTERNATIONAL STANDARD SERIAL NUMBER
International Standard Serial Number 0388-0435
040 ## - CATALOGING SOURCE
Original cataloging agency DLC
Language of cataloging eng
Transcribing agency DLC
Modifying agency OCoLC
-- NST
-- NSDP
-- NST
-- OCoLC
-- NST
-- InU
-- NST
-- MH
-- InU
-- MH
-- OrPS
-- CLU
-- DLC
-- NLGGC
-- CaQMU
-- OCoLC
-- GU
-- WaSeSS
-- BLBSF
-- OrPS
-- DLC
-- UKMGB
-- OCLCO
-- NcD
043 ## - GEOGRAPHIC AREA CODE
Geographic area code a-ja---
050 00 - LIBRARY OF CONGRESS CALL NUMBER
Classification number DS801
Item number .J256
082 #4 - DEWEY DECIMAL CLASSIFICATION NUMBER
Classification number 952.005
092 04 - LOCALLY ASSIGNED DEWEY CALL NUMBER (OCLC)
Classification number 952.005
Item number J356
Edition number 21
099 ## - LOCAL FREE-TEXT CALL NUMBER (OCLC)
Classification number 04
-- 952.005 J356
245 00 - TITLE STATEMENT
Title Japan echo
260 ## - PUBLICATION, DISTRIBUTION, ETC.
Place of publication, distribution, etc. [Tokyo]
Name of publisher, distributor, etc. Japan Echo Inc.,
Date of publication, distribution, etc. -2010.
300 ## - PHYSICAL DESCRIPTION
Extent 37 v.
Dimensions 27 cm.
310 ## - CURRENT PUBLICATION FREQUENCY
Current publication frequency Bimonthly,
Date of current publication frequency <2000>-2010
321 ## - FORMER PUBLICATION FREQUENCY
Former publication frequency Quarterly,
Dates of former publication frequency 1974-
362 0# - DATES OF PUBLICATION AND/OR SEQUENTIAL DESIGNATION
Dates of publication and/or sequential designation v. 1-37; 1974-2010.
515 ## - NUMBERING PECULIARITIES NOTE
Numbering peculiarities note Some v. include special issues.
530 ## - ADDITIONAL PHYSICAL FORM AVAILABLE NOTE
Additional physical form available note Selected issues and articles also available online via the World Wide Web.
555 ## - CUMULATIVE INDEX/FINDING AIDS NOTE
Cumulative index/finding aids note Vols. 1-23, no. 1, 1974-spring 1996. 1 v.
650 14 - SUBJECT ADDED ENTRY--TOPICAL TERM
Topical term or geographic name entry element Japنao.
650 17 - SUBJECT ADDED ENTRY--TOPICAL TERM
Topical term or geographic name entry element Politieke aspecten.
Source of heading or term gtt
650 17 - SUBJECT ADDED ENTRY--TOPICAL TERM
Topical term or geographic name entry element Sociaal-economische aspecten.
Source of heading or term gtt
651 #0 - SUBJECT ADDED ENTRY--GEOGRAPHIC NAME
Geographic name Japan
Form subdivision Periodicals.
651 #6 - SUBJECT ADDED ENTRY--GEOGRAPHIC NAME
Geographic name Japon
Form subdivision Pâeriodiques.
776 08 - ADDITIONAL PHYSICAL FORM ENTRY
Relationship information Online version:
Title Japan echo
Record control number (OCoLC)615598205
785 00 - SUCCEEDING ENTRY
Title Japan echo Web print digest
Record control number (DLC) 2011211961
-- (OCoLC)664143155
905 ## - LOCAL DATA ELEMENT E, LDE (RLIN)
Cataloger Jamal
Reviser Cat.
905 ## - LOCAL DATA ELEMENT E, LDE (RLIN)
Reviser Rev.
942 ## - ADDED ENTRY ELEMENTS (KOHA)
Source of classification or shelving scheme Dewey Decimal Classification
Koha item type Books
المقتنيات
Source of classification or shelving scheme Not for loan Home library Current library Date acquired Full call number Date last seen Koha item type
Dewey Decimal Classification   المكتبة المركزبة الجديدة - جامعة القاهرة قاعة الثقاقات الاجنبية - الدور الثالث 11.02.2024 952.005 J356e 23.09.2023 Continuing Resources
Cairo University Libraries Portal Implemented & Customized by: Eng. M. Mohamady Contacts: new-lib@cl.cu.edu.eg | cnul@cl.cu.edu.eg
CUCL logo CNUL logo
© All rights reserved — Cairo University Libraries
CUCL logo
Implemented & Customized by: Eng. M. Mohamady Contact: new-lib@cl.cu.edu.eg © All rights reserved — New Central Library
CNUL logo
Implemented & Customized by: Eng. M. Mohamady Contact: cnul@cl.cu.edu.eg © All rights reserved — Cairo National University Library